| 000 -LEADER |
| fixed length control field |
00723cam a22002414a 4500 |
| 001 - CONTROL NUMBER |
| control field |
13687330 |
| 005 - DATE AND TIME OF LATEST TRANSACTION |
| control field |
20171215034011.0 |
| 008 - FIXED-LENGTH DATA ELEMENTS--GENERAL INFORMATION |
| fixed length control field |
040813s2005 njua b 001 0beng |
| 010 ## - LIBRARY OF CONGRESS CONTROL NUMBER |
| LC control number |
2004018852 |
| 020 ## - INTERNATIONAL STANDARD BOOK NUMBER |
| International Standard Book Number |
0131198777 |
| 040 ## - CATALOGING SOURCE |
| Original cataloging agency |
DLC |
| Transcribing agency |
DLC |
| Modifying agency |
DLC |
| 041 ## - LANGUAGE CODE |
| Language code of text/sound track or separate title |
eng |
| 042 ## - AUTHENTICATION CODE |
| Authentication code |
pcc |
| 080 ## - UNIVERSAL DECIMAL CLASSIFICATION NUMBER |
| Edition identifier |
4 ED |
| Universal Decimal Classification number |
363.25 |
| 082 00 - DEWEY DECIMAL CLASSIFICATION NUMBER |
| Classification number |
363.25 LYM |
| Edition number |
22 |
| 100 1# - Rafti |
| Rafti |
62 |
| 101 ## - Shkurtesa |
| Shkurtesa |
INV |
| 245 10 - TITLE STATEMENT |
| Title |
Criminal investigation : |
| Statement of responsibility, etc |
Michael D. Lyman. |
| 504 ## - BIBLIOGRAPHY, ETC. NOTE |
| Bibliography, etc |
Includes bibliographical references and index. |
| 906 ## - LOCAL DATA ELEMENT F, LDF (RLIN) |
| a |
7 |
| b |
cbc |
| c |
orignew |
| d |
1 |
| e |
ecip |
| f |
20 |
| g |
y-gencatlg |
| 942 ## - ADDED ENTRY ELEMENTS (KOHA) |
| Source of classification or shelving scheme |
|
| Item type |
Books |